[Event "SR 1. liga zapad 2014/2015"]
[Site "?"]
[Date "2015.01.31"]
[Round "7.5"]
[White "Riabov, Alexander"]
[Black "Janko, Ladislav"]
[Result "0-1"]
[WhiteElo "2072"]
[BlackElo "2169"]
[PlyCount "166"]
[EventDate "2014.??.??"]

1. e4 c6 2. d4 g6 3. c4 Bg7 4. Nc3 d6 5. Be3 Nf6 6. f3 O-O 7. Qd2 e5 8. Nge2
Nbd7 9. O-O-O Qc7 10. g4 d5 11. g5 Nh5 12. exd5 Nb6 13. d6 Qd8 14. c5 Nc4 15.
Qd3 Nxe3 16. Qxe3 exd4 17. Nxd4 Bd7 18. Ne4 b6 19. h4 Be5 20. Nf6+ Bxf6 21.
gxf6 Qxf6 22. Qg5 bxc5 23. Qxf6 Nxf6 24. Nb3 Be6 25. Nxc5 Bd5 26. Bg2 Rfd8 27.
Rhg1 Nh5 28. Ne4 f5 29. Nc3 Rxd6 30. Rd4 Rad8 31. Rgd1 Kf7 32. f4 Nf6 33. b4
Ke7 34. Nxd5+ cxd5 35. Kb2 Ke6 36. Rc1 R8d7 37. Kb3 Ne4 38. b5 Rb7 39. a4 a6
40. Bf1 axb5 41. Bxb5 h6 42. Rg1 g5 43. hxg5 hxg5 44. fxg5 Ke5 45. Rdd1 Rg6 46.
Rde1 Kd6 47. Kc2 Rxg5 48. Rxg5 Nxg5 49. Kd3 Rh7 50. Re8 Rh3+ 51. Ke2 Ne6 52.
Kf2 Ra3 53. Rh8 Nd4 54. Rf8 Ke5 55. Bd7 Ke4 56. Re8+ Kf4 57. Be6 Ra2+ 58. Kf1
Ra1+ 59. Kf2 Ra2+ 60. Kf1 Nxe6 61. Rxe6 Rxa4 62. Kf2 Ra2+ 63. Ke1 Ra4 64. Kf2
Re4 65. Rd6 Re5 66. Rd8 Ke4 67. Ke2 f4 68. Rf8 Rf5 69. Re8+ Kd4 70. Kf3 Kd3 71.
Ra8 Rf7 72. Ra3+ Kc4 73. Ra4+ Kb5 74. Ra8 Rf6 75. Rc8 Kb4 76. Rd8 Kc4 77. Rc8+
Kd4 78. Re8 Kd3 79. Rd8 d4 80. Rd7 Kc3 81. Rc7+ Kd2 82. Rd7 d3 83. Ke4 Ke2 0-1

[Event "SR 1. liga zapad 2014/2015"]
[Site "?"]
[Date "2015.01.31"]
[Round "7.5"]
[White "Takacs, Laszlo"]
[Black "Bielik, Miroslav"]
[Result "0-1"]
[WhiteElo "2110"]
[BlackElo "2157"]
[PlyCount "103"]
[EventDate "2014.??.??"]

1. e4 c6 2. d4 d5 3. e5 c5 4. dxc5 e6 5. Be3 Nd7 6. Bb5 Qc7 7. Nf3 Bxc5 8. Bxc5
Qxc5 9. Nc3 Ne7 10. O-O a6 11. Bd3 Qb4 12. Qc1 h6 13. a3 Qb6 14. Re1 Nf8 15.
Ne2 Bd7 16. Ned4 Rc8 17. c3 Ba4 18. Rb1 Bb3 19. Qe3 Nd7 20. Bb5 Ba2 21. Ra1 Bc4
22. Bxd7+ Kxd7 23. b3 Bb5 24. a4 Bc6 25. b4 Ke8 26. b5 Bd7 27. Nf5 Qxe3 28.
Nd6+ Kf8 29. Rxe3 Rb8 30. Nd4 Nc8 31. f4 Ke7 32. c4 Nxd6 33. exd6+ Kxd6 34.
cxd5 exd5 35. Rd1 axb5 36. axb5 g6 37. Red3 Rhd8 38. Nf3 Be6 39. h3 h5 40. Ne5
Rbc8 41. Nf3 Rc4 42. Nd4 Ra8 43. Kf2 Raa4 44. Ke3 Kc5 45. g3 Bxh3 46. Nb3+ Kxb5
47. Rxd5+ Kb6 48. Rb1 Rab4 49. Kd2 Be6 50. Re5 Kc7 51. Re3 Rc6 52. Rc3 0-1

[Event "SR 1. liga zapad 2014/2015"]
[Site "?"]
[Date "2015.01.31"]
[Round "7.5"]
[White "Marko, Anton"]
[Black "Balogh, Peter"]
[Result "1-0"]
[WhiteElo "2092"]
[BlackElo "2028"]
[PlyCount "61"]
[EventDate "2014.??.??"]

1. c4 e5 2. Nc3 Bb4 3. a3 Bxc3 4. bxc3 Nc6 5. g3 d6 6. d4 Nge7 7. Nf3 O-O 8.
Bg2 f5 9. O-O Qe8 10. d5 Nd8 11. c5 b6 12. cxd6 cxd6 13. a4 Bb7 14. c4 Rc8 15.
Nxe5 dxe5 16. d6 Ndc6 17. d7 Qd8 18. dxc8=Q Qxc8 19. Bb2 Rd8 20. Qc2 Qa8 21.
Rfd1 Rc8 22. Rac1 Nb4 23. Qc3 Nec6 24. c5 a5 25. Qb3+ Kh8 26. Rd7 bxc5 27. Qf7
Rg8 28. Rxb7 Nd8 29. Qxg8+ Kxg8 30. Rxg7+ Kxg7 31. Bxa8 1-0

[Event "SR 1. liga zapad 2014/2015"]
[Site "?"]
[Date "2015.01.31"]
[Round "7.5"]
[White "Kosar, Mikulas"]
[Black "Horn, Jozef"]
[Result "1/2-1/2"]
[WhiteElo "1820"]
[BlackElo "2028"]
[PlyCount "51"]
[EventDate "2014.??.??"]

1. d4 d5 2. Nf3 g6 3. Bf4 Bg7 4. e3 Nf6 5. Bd3 O-O 6. c3 a5 7. Nbd2 Nbd7 8. Ne5
Nh5 9. Ndf3 Nxe5 10. Bxe5 Bg4 11. Bxg7 Nxg7 12. h3 Bf5 13. g4 Bxd3 14. Qxd3 Qd6
15. O-O-O a4 16. a3 Ra6 17. Ne1 f5 18. f4 Qe6 19. Nf3 fxg4 20. Ng5 Qf5 21. hxg4
Qxd3 22. Rxd3 h5 23. gxh5 Nxh5 24. Rd2 Rf5 25. Rg2 Kg7 26. Nf3 1/2-1/2

[Event "SR 1. liga zapad 2014/2015"]
[Site "?"]
[Date "2015.01.31"]
[Round "7.6"]
[White "Maros, Milan"]
[Black "Borosova, Zuzana"]
[Result "1/2-1/2"]
[WhiteElo "2344"]
[BlackElo "2263"]
[PlyCount "31"]
[EventDate "2014.??.??"]

1. d4 d5 2. Nf3 Nf6 3. c4 c6 4. e3 Bf5 5. Bd3 Bxd3 6. Qxd3 e6 7. O-O Nbd7 8.
Nc3 Bb4 9. Bd2 a5 10. a3 Be7 11. e4 Nc5 12. dxc5 dxe4 13. Qxd8+ Rxd8 14. Nxe4
Nxe4 15. Bxa5 Ra8 16. Bb4 1/2-1/2

[Event "SR 1. liga zapad 2014/2015"]
[Site "?"]
[Date "2015.01.31"]
[Round "7.6"]
[White "Bottyan, Peter"]
[Black "Ondrus, Martin"]
[Result "1/2-1/2"]
[WhiteElo "2239"]
[BlackElo "2320"]
[PlyCount "38"]
[EventDate "2014.??.??"]

1. d4 Nf6 2. Bg5 e6 3. Nd2 d5 4. e4 dxe4 5. Nxe4 Be7 6. Bxf6 Bxf6 7. Nf3 b6 8.
Bd3 Bb7 9. c3 O-O 10. Qe2 Nd7 11. O-O Qe7 12. Rad1 Rfd8 13. Bc2 c5 14. Rd2 cxd4
15. Nxd4 Bxd4 16. Rxd4 Nf6 17. Rfd1 Rxd4 18. Rxd4 Bxe4 19. Bxe4 Rd8 1/2-1/2

[Event "SR 1. liga zapad 2014/2015"]
[Site "?"]
[Date "2015.01.31"]
[Round "7.6"]
[White "Chovan, Milan"]
[Black "Kukel, Imre"]
[Result "1/2-1/2"]
[WhiteElo "2093"]
[BlackElo "2279"]
[PlyCount "82"]
[EventDate "2014.??.??"]

1. e4 c5 2. Nf3 Nc6 3. d4 cxd4 4. Nxd4 Qb6 5. Nb3 Nf6 6. Nc3 e6 7. Bg5 Be7 8.
Qd2 a6 9. Be2 Qb4 10. a3 Qd6 11. Qe3 Qc7 12. Bf4 d6 13. Rd1 O-O 14. O-O b5 15.
Bg3 Rd8 16. Kh1 b4 17. axb4 Nxb4 18. Rd2 Bb7 19. Rfd1 Bc6 20. f4 a5 21. Nd4 Qb6
22. Bf2 Bb7 23. Bf3 Bf8 24. Qe1 Qc7 25. Ndb5 Qb8 26. Bb6 Rd7 27. Qf2 Bc6 28. e5
Nfd5 29. Nxd5 Bxd5 30. Nxd6 Bxd6 31. exd6 Rxd6 32. Bc5 Rc6 33. Bxb4 axb4 34.
Bxd5 exd5 35. Rxd5 h6 36. Qd2 Rc4 37. Rd4 Qc7 38. Rxc4 Qxc4 39. h3 Rc8 40. c3
bxc3 41. bxc3 Qxc3 1/2-1/2

[Event "SR 1. liga zapad 2014/2015"]
[Site "?"]
[Date "2015.01.31"]
[Round "7.6"]
[White "Szegi, Tamas"]
[Black "Debnar, Lubos"]
[Result "0-1"]
[WhiteElo "2186"]
[BlackElo "2269"]
[PlyCount "46"]
[EventDate "2014.??.??"]

1. e4 c6 2. d4 d5 3. e5 Bf5 4. Nd2 e6 5. h4 h5 6. Be2 Ne7 7. g3 c5 8. Nb3 Nd7
9. Nf3 Nc6 10. O-O c4 11. Nbd2 Nb4 12. Ne1 Be7 13. c3 Nc6 14. Ndf3 f6 15. Ng2
Qc7 16. Bf4 fxe5 17. Nxe5 Ndxe5 18. dxe5 O-O-O 19. b3 d4 20. Bxc4 dxc3 21. Qc1
Nd4 22. Ne3 b5 23. Nxf5 exf5 0-1

[Event "SR 1. liga zapad 2014/2015"]
[Site "?"]
[Date "2015.01.31"]
[Round "7.6"]
[White "Kalisky, Vladimir"]
[Black "Berek, Geza"]
[Result "1-0"]
[WhiteElo "2268"]
[BlackElo "2143"]
[PlyCount "91"]
[EventDate "2014.??.??"]

1. e4 g6 2. d4 Bg7 3. Nf3 d6 4. Bd3 Nf6 5. O-O O-O 6. h3 Nc6 7. d5 Nb4 8. c4 a5
9. Nc3 c6 10. Re1 e6 11. Bf1 exd5 12. exd5 Bf5 13. Nd4 Nfxd5 14. Nxd5 cxd5 15.
Nxf5 gxf5 16. a3 Nc6 17. cxd5 Nd4 18. Bd2 Qb6 19. Bc3 Rfe8 20. Qh5 Re5 21. Red1
Re4 22. Bd3 Rf4 23. Qg5 Re4 24. Qxg7+ Kxg7 25. Bxe4 Kg6 26. Bxd4 Qb5 27. Bf3
Rc8 28. Rd2 Qb3 29. Re1 b5 30. Kh2 b4 31. Re3 Qa2 32. a4 f4 33. Re7 Rc1 34.
Be4+ f5 35. Re6+ Kf7 36. Rf6+ Ke7 37. Bxf5 Re1 38. Be6 Qb1 39. Rf7+ Ke8 40.
Rxf4 Rh1+ 41. Kg3 Qg1 42. Re2 Qh2+ 43. Kf3 Rg1 44. Bd7+ Kd8 45. Bb6+ Kxd7 46.
Rf7+ 1-0

[Event "SR 1. liga zapad 2014/2015"]
[Site "?"]
[Date "2015.01.31"]
[Round "7.6"]
[White "Voros, Gellert"]
[Black "Szucs, Vladimir"]
[Result "1/2-1/2"]
[WhiteElo "2069"]
[BlackElo "2228"]
[PlyCount "100"]
[EventDate "2014.??.??"]

1. e4 c5 2. c3 Nf6 3. e5 Nd5 4. d4 cxd4 5. Nf3 Nc6 6. Bc4 Nb6 7. Bb3 d5 8. exd6
Qxd6 9. O-O Be6 10. Bxe6 Qxe6 11. Nxd4 Nxd4 12. Qxd4 Qd7 13. Be3 Qxd4 14. Bxd4
e6 15. Nd2 Rg8 16. Rad1 Be7 17. Rfe1 O-O-O 18. a4 Kb8 19. a5 Nd5 20. Nc4 Bf6
21. Ne5 Bxe5 22. Bxe5+ Kc8 23. h3 a6 24. Re4 Ne7 25. Rxd8+ Kxd8 26. Rg4 f6 27.
Bd4 e5 28. Bb6+ Kd7 29. Re4 Nd5 30. Ba7 Rc8 31. Kf1 Ke6 32. g3 Rd8 33. Rc4 Rd7
34. Ke2 Ne7 35. Be3 Nc6 36. Ra4 Rd5 37. b4 f5 38. Ra2 e4 39. c4 Rd3 40. b5 Ne5
41. bxa6 bxa6 42. c5 Kd5 43. Rc2 Nc6 44. f3 Nxa5 45. c6 Nxc6 46. Rc5+ Kd6 47.
Rxf5 Nd4+ 48. Bxd4 Rxd4 49. Ra5 exf3+ 50. Kxf3 Rd3+ 1/2-1/2

[Event "SR 1. liga zapad 2014/2015"]
[Site "?"]
[Date "2015.01.31"]
[Round "7.6"]
[White "Skreno, Vladimir"]
[Black "Molnar, Erno"]
[Result "1-0"]
[WhiteElo "2244"]
[BlackElo "2027"]
[PlyCount "99"]
[EventDate "2014.??.??"]

1. d4 d5 2. Nf3 Nf6 3. c4 e6 4. Nc3 c6 5. cxd5 exd5 6. Bg5 Be7 7. e3 O-O 8. Be2
Nbd7 9. O-O Re8 10. Rc1 Nf8 11. Bxf6 Bxf6 12. b4 b5 13. a4 a6 14. Qb3 Nd7 15.
a5 Ra7 16. Bd3 Nb8 17. Qc2 g6 18. Na2 Rae7 19. Nd2 Qd7 20. Qd1 Bg7 21. Nb3 f5
22. Nc5 Qd6 23. g3 f4 24. gxf4 Bh3 25. Re1 Bxd4 26. Qf3 Bxc5 27. Rxc5 Qd7 28.
Rec1 Rf7 29. Qg3 Qe6 30. R1c2 Ref8 31. Re2 Nd7 32. Rc1 Nf6 33. Rec2 Nh5 34. Qg5
Nxf4 35. Rxc6 Nxd3 36. Rxe6 Nxc1 37. Qxd5 Nxa2 38. Qxa2 Rc8 39. f4 Bxe6 40.
Qxe6 Rc4 41. Qxa6 Rxb4 42. Qc8+ Rf8 43. Qe6+ Rf7 44. Kg2 Rb2+ 45. Kg3 b4 46. a6
b3 47. Qe8+ Rf8 48. Qa4 Rb1 49. a7 b2 50. Qa2+ 1-0

[Event "SR 1. liga zapad 2014/2015"]
[Site "?"]
[Date "2015.01.31"]
[Round "7.6"]
[White "Jakab, Bela"]
[Black "Pinter, Patrik"]
[Result "0-1"]
[WhiteElo "1897"]
[BlackElo "2125"]
[PlyCount "68"]
[EventDate "2014.??.??"]

1. e4 g6 2. d4 Bg7 3. f4 c5 4. e5 cxd4 5. Qxd4 Nc6 6. Qf2 Nh6 7. Nf3 d6 8. Bb5
Ng4 9. Qe2 dxe5 10. Bxc6+ bxc6 11. fxe5 Nxe5 12. Nxe5 Qa5+ 13. Bd2 Qxe5 14.
Qxe5 Bxe5 15. Bc3 Bxc3+ 16. Nxc3 f6 17. O-O-O Kf7 18. Rd4 Be6 19. Rhd1 f5 20.
Na4 Bd5 21. R1d2 e5 22. R4d3 Rhe8 23. g3 g5 24. Rf2 Kg6 25. Nc5 Rad8 26. b3 e4
27. Re3 h5 28. Nb7 Rd7 29. Nc5 Rf7 30. c4 f4 31. gxf4 gxf4 32. Rg2+ Kh6 33. Rc3
e3 34. cxd5 f3 0-1

[Event "SR 1. liga zapad 2014/2015"]
[Site "?"]
[Date "2015.02.28"]
[Round "8.1"]
[White "Vojtek, Vladimir"]
[Black "Maros, Milan"]
[Result "0-1"]
[WhiteElo "2336"]
[BlackElo "2344"]
[PlyCount "122"]
[EventDate "2014.??.??"]

1. e4 e6 2. d4 d5 3. Nc3 Bb4 4. Bd2 dxe4 5. Qg4 Nf6 6. Qxg7 Rg8 7. Qh6 Qxd4 8.
Nge2 Qe5 9. O-O-O Rg6 10. Qh4 Qh5 11. Qxh5 Nxh5 12. Nb5 Bxd2+ 13. Rxd2 Na6 14.
Nec3 f5 15. g3 Nf6 16. Be2 Bd7 17. Rhd1 Ke7 18. f3 Bxb5 19. Nxb5 c6 20. Nc3 Nc5
21. fxe4 Ncxe4 22. Nxe4 fxe4 23. Bf1 Rg5 24. Re1 Rf8 25. Rde2 h5 26. Bg2 Re5
27. Bxe4 Nxe4 28. Rxe4 Rxe4 29. Rxe4 Rf5 30. Kd2 c5 31. Ke2 Kf6 32. Re3 Ke7 33.
Rf3 b6 34. Ra3 Re5+ 35. Kf1 Rf5+ 36. Kg1 a5 37. Rb3 Rd5 38. Rxb6 Rd1+ 39. Kg2
Rd2+ 40. Kh3 Rxc2 41. a4 c4 42. b4 Rb2 43. b5 Rb4 44. Rc6 Rxa4 45. b6 Rb4 46.
Kh4 Kd7 47. Rc7+ Kd6 48. Kxh5 Kd5 49. b7 a4 50. g4 a3 51. Rd7+ Ke4 52. Re7 e5
53. g5 a2 54. b8=Q Rxb8 55. Ra7 Rh8+ 56. Kg6 Rxh2 57. Kf6 Rf2+ 58. Ke6 Rg2 59.
Kf6 c3 60. g6 c2 61. Rxa2 c1=Q 0-1

[Event "SR 1. liga zapad 2014/2015"]
[Site "?"]
[Date "2015.02.28"]
[Round "8.1"]
[White "Ondrus, Martin"]
[Black "Kovacik, Emil"]
[Result "1/2-1/2"]
[WhiteElo "2320"]
[BlackElo "2216"]
[PlyCount "59"]
[EventDate "2014.??.??"]

1. e4 e6 2. d4 d5 3. Nd2 c5 4. exd5 Qxd5 5. Ngf3 cxd4 6. Bc4 Qd6 7. O-O Nf6 8.
Nb3 Nc6 9. Nbxd4 Nxd4 10. Nxd4 a6 11. Re1 Qc7 12. Bb3 Bd7 13. Qf3 Bd6 14. h3
O-O-O 15. Bg5 Qc5 16. Qe3 h6 17. Bf4 Bxf4 18. Qxf4 Qc7 19. Qe3 Kb8 20. Nf3 Bc6
21. Ne5 Rd6 22. Rad1 Rhd8 23. Rxd6 Rxd6 24. c4 Rd8 25. Bd1 Be8 26. Bf3 Nd7 27.
Rd1 Kc8 28. Qa7 Qb8 29. Qxb8+ Kxb8 30. Nxd7+ 1/2-1/2

[Event "SR 1. liga zapad 2014/2015"]
[Site "?"]
[Date "2015.02.28"]
[Round "8.1"]
[White "Borik, Juraj"]
[Black "Chovan, Milan"]
[Result "0-1"]
[WhiteElo "2188"]
[BlackElo "2093"]
[PlyCount "46"]
[EventDate "2014.??.??"]

1. e4 c5 2. Nf3 d6 3. d4 cxd4 4. Nxd4 Nf6 5. Nc3 a6 6. Bg5 e6 7. Qf3 Nbd7 8.
O-O-O h6 9. Qh3 Qc7 10. f4 b5 11. Be2 b4 12. Nxe6 fxe6 13. Qxe6+ Be7 14. Bh5+
Kd8 15. e5 hxg5 16. Rxd6 bxc3 17. Rhd1 Nxh5 18. Qf7 Qb7 19. b3 Qb4 20. R1d4 Qb5
21. Rc4 Bxd6 22. exd6 Re8 23. Kd1 Qb6 0-1

[Event "SR 1. liga zapad 2014/2015"]
[Site "?"]
[Date "2015.02.28"]
[Round "8.1"]
[White "Debnar, Lubos"]
[Black "Podoba, Milan"]
[Result "1-0"]
[WhiteElo "2269"]
[BlackElo "2131"]
[PlyCount "53"]
[EventDate "2014.??.??"]

1. d4 d5 2. Nf3 Nf6 3. Bf4 Bf5 4. e3 e6 5. Bd3 Bxd3 6. cxd3 c6 7. Nc3 Bd6 8.
Ne5 O-O 9. O-O Qe7 10. Bg5 Nbd7 11. f4 c5 12. Rf3 cxd4 13. exd4 Rfc8 14. Qe2
Qd8 15. Nxd7 Qxd7 16. Bxf6 gxf6 17. f5 Re8 18. Qf2 Bf8 19. Rf1 Bg7 20. Qh4 exf5
21. Rxf5 Re3 22. Nxd5 Rxd3 23. Kh1 Rd2 24. Nxf6+ Bxf6 25. Qxf6 Re8 26. Rg5+ Kf8
27. Qg7+ 1-0

[Event "SR 1. liga zapad 2014/2015"]
[Site "?"]
[Date "2015.02.28"]
[Round "8.1"]
[White "Lazo, Juraj"]
[Black "Kalisky, Vladimir"]
[Result "1/2-1/2"]
[WhiteElo "2098"]
[BlackElo "2268"]
[PlyCount "146"]
[EventDate "2014.??.??"]

1. d4 d5 2. c4 c5 3. cxd5 Qxd5 4. Nf3 cxd4 5. Nc3 Qa5 6. Nxd4 Nf6 7. e3 a6 8.
Be2 e5 9. Nf3 Nc6 10. O-O h6 11. Bd2 Be6 12. Ne4 Bb4 13. Nxf6+ gxf6 14. a3 Bxd2
15. Qxd2 Qxd2 16. Nxd2 Ke7 17. Rfd1 Rhd8 18. Rac1 Rac8 19. Ne4 Rxd1+ 20. Bxd1
b6 21. f3 f5 22. Ng3 Na7 23. Rxc8 Nxc8 24. Bc2 Nd6 25. Kf2 a5 26. b4 Kf6 27.
Ne2 Nc4 28. bxa5 bxa5 29. a4 Bd7 30. Nc3 Bc6 31. g3 Nb6 32. Ke2 Nd5 33. Nxd5+
Bxd5 34. f4 Ke6 35. Kd2 Bc4 36. Kc3 Be2 37. Bb3+ Kf6 38. fxe5+ Kxe5 39. Bxf7
Ke4 40. Kd2 Bg4 41. Bc4 Bh3 42. Be2 Bg4 43. Bxg4 fxg4 44. Ke2 h5 45. Kd2 Kf3
46. Kd3 Kg2 47. e4 Kxh2 48. e5 h4 49. gxh4 g3 50. e6 g2 51. e7 g1=Q 52. e8=Q
Qb1+ 53. Kd2 Qb2+ 54. Ke1 Qc1+ 55. Ke2 Qc2+ 56. Kf3 Qg2+ 57. Kf4 Qg3+ 58. Kf5
Qxh4 59. Qe2+ Kg1 60. Qg4+ Qxg4+ 61. Kxg4 Kg2 62. Kf4 Kh3 63. Kg5 Kg3 64. Kf5
Kh4 65. Ke4 Kg4 66. Ke5 Kg5 67. Ke6 Kg6 68. Kd5 Kf6 69. Kc5 Ke7 70. Kc6 Kd8 71.
Kb7 Kd7 72. Kb6 Kc8 73. Kxa5 Kb7 1/2-1/2

[Event "SR 1. liga zapad 2014/2015"]
[Site "?"]
[Date "2015.02.28"]
[Round "8.1"]
[White "Szucs, Vladimir"]
[Black "Pupak, Tomas"]
[Result "1-0"]
[WhiteElo "2228"]
[BlackElo "2022"]
[PlyCount "93"]
[EventDate "2014.??.??"]

1. Nf3 d6 2. d4 Nf6 3. c4 Nbd7 4. Nc3 e5 5. e4 Be7 6. Be2 O-O 7. O-O c6 8. Re1
Qc7 9. h3 Re8 10. Be3 Bf8 11. d5 Nc5 12. Nd2 a5 13. Qc2 Bd7 14. b3 h6 15. a3
Rec8 16. Rec1 Kh8 17. Rab1 Qd8 18. b4 axb4 19. axb4 Na6 20. Qb3 Rcb8 21. Nf3
Qe8 22. Bb6 Nh5 23. Bf1 Nf4 24. Ne2 f5 25. Nxf4 fxe4 26. Ne2 exf3 27. Qxf3 Be7
28. Nc3 Qg8 29. Bd3 Rf8 30. Qe2 Bh4 31. Ne4 Be7 32. b5 cxb5 33. cxb5 Nb8 34.
Rd1 Rc8 35. Rbc1 Rxc1 36. Rxc1 Ra4 37. Bc7 Qf8 38. b6 Na6 39. Bxa6 Rxa6 40.
Qxa6 bxa6 41. b7 Qf4 42. b8=Q+ Kh7 43. Re1 Bf5 44. Qb4 g5 45. Qd2 Qh4 46. Nxd6
Bxd6 47. Bxd6 1-0

[Event "SR 1. liga zapad 2014/2015"]
[Site "?"]
[Date "2015.02.28"]
[Round "8.1"]
[White "Orgon, Dusan"]
[Black "Gorusa, Miroslav"]
[Result "0-1"]
[WhiteElo "2066"]
[BlackElo "2172"]
[PlyCount "152"]
[EventDate "2014.??.??"]

1. d4 d5 2. Bg5 Nd7 3. Nf3 Ngf6 4. e3 e6 5. c4 Be7 6. Nc3 O-O 7. Bd3 b6 8. O-O
Bb7 9. Rc1 c5 10. Qe2 h6 11. Bf4 Nh5 12. Be5 g6 13. Rfd1 dxc4 14. Bxc4 Bxf3 15.
Qxf3 Nxe5 16. dxe5 Qc7 17. g4 Ng7 18. Qe4 Rad8 19. f4 Rxd1+ 20. Rxd1 Rd8 21.
Qf3 Rxd1+ 22. Qxd1 Qd8 23. Qc2 Qd7 24. Bd3 Kf8 25. Kg2 Bd8 26. Ne4 Be7 27. Nc3
Bd8 28. a4 Be7 29. Be4 Kg8 30. Kf3 Kf8 31. Ke2 c4 32. Nb5 Bb4 33. Nd4 Qc8 34.
Nc6 a5 35. Qxc4 Bc5 36. Nd4 Qd8 37. Nf3 h5 38. h3 hxg4 39. hxg4 Ke7 40. Qa6 Ne8
41. Bc6 Nc7 42. Qb7 Kf8 43. Ng5 Kg7 44. Be4 Qe7 45. Bg2 Qd8 46. Qf3 Bb4 47. Ne4
Qh4 48. Nf2 Nd5 49. Nd3 Qh2 50. f5 Bc5 51. f6+ Kh6 52. Nxc5 bxc5 53. Qh3+ Qxh3
54. Bxh3 Kg5 55. Bg2 Nb6 56. Kf3 Nxa4 57. b3 Nb6 58. Bf1 Nd7 59. Ke4 Kxg4 60.
Bb5 Nf8 61. Be8 Nh7 62. Kd3 Ng5 63. Kc4 Kf5 64. Kxc5 Kxe5 65. Kb6 Kd6 66. Kxa5
Kc7 67. Kb4 Kd8 68. Bc6 Nh7 69. Kc5 Kc7 70. b4 Nxf6 71. b5 g5 72. b6+ Kb8 73.
Kd6 g4 74. Ke5 Nd5 75. Bxd5 exd5 76. Kf4 f5 0-1

[Event "SR 1. liga zapad 2014/2015"]
[Site "?"]
[Date "2015.02.28"]
[Round "8.1"]
[White "Danko, Dusan"]
[Black "Kutny, Marian"]
[Result "1/2-1/2"]
[WhiteElo "1877"]
[BlackElo "1938"]
[PlyCount "129"]
[EventDate "2014.??.??"]

1. d4 d5 2. Nf3 Nf6 3. Nc3 Bf5 4. h3 e6 5. a3 c5 6. e3 Nc6 7. Bb5 a6 8. Bxc6+
bxc6 9. O-O Qc7 10. Re1 Bd6 11. dxc5 Bxc5 12. Nd4 Bg6 13. b4 Bd6 14. Nf3 Ne4
15. Nxe4 Bxe4 16. Bb2 O-O 17. c4 Bxf3 18. Qxf3 Bh2+ 19. Kh1 Be5 20. Bxe5 Qxe5
21. c5 a5 22. Rab1 Qc3 23. e4 axb4 24. Qxc3 bxc3 25. Rb3 d4 26. Kg1 Ra5 27. Kf1
Rxc5 28. Ke2 Ra5 29. Kd3 c5 30. Reb1 g6 31. Rb5 Rfa8 32. Rb8+ Rxb8 33. Rxb8+
Kg7 34. Rc8 Rxa3 35. Rxc5 Ra2 36. Kxd4 Rxf2 37. Rxc3 Rxg2 38. Ke5 h5 39. Rd3 h4
40. Rd1 g5 41. Rf1 Rg3 42. Rh1 Kg6 43. Kd4 Ra3 44. Ke5 Ra5+ 45. Kd6 f6 46. Re1
Re5 47. Ke7 f5 48. exf5+ Kxf5 49. Rf1+ Ke4 50. Rg1 Kf4 51. Kf6 Re3 52. Rg4+ Kf3
53. Kxg5 Re4 54. Kxh4 e5 55. Rxe4 Kxe4 56. Kg4 Kd3 57. h4 e4 58. h5 e3 59. h6
e2 60. h7 e1=Q 61. h8=Q Qg1+ 62. Kf5 Qf2+ 63. Kg6 Qb6+ 64. Qf6 Qxf6+ 65. Kxf6
1/2-1/2

[Event "SR 1. liga zapad 2014/2015"]
[Site "?"]
[Date "2015.02.28"]
[Round "8.2"]
[White "Motuz, Karol"]
[Black "Bezuch, Martin"]
[Result "1/2-1/2"]
[WhiteElo "2336"]
[BlackElo "2237"]
[PlyCount "77"]
[EventDate "2014.??.??"]

1. d4 Nf6 2. c4 g6 3. Nc3 Bg7 4. e4 d6 5. Bg5 O-O 6. Qd2 c6 7. Nf3 a5 8. Be2 a4
9. O-O Qa5 10. h3 Nbd7 11. Rfe1 e5 12. Bf1 Re8 13. d5 cxd5 14. cxd5 Nc5 15.
Rab1 Bd7 16. b4 axb3 17. axb3 Qa3 18. Bxf6 Bxf6 19. Bb5 Qb4 20. Bxd7 Nxd7 21.
Na4 Qb5 22. Qe3 Rec8 23. Rec1 Kg7 24. g3 h6 25. h4 Bd8 26. Nd2 Bb6 27. Nxb6
Nxb6 28. Nc4 Nxc4 29. bxc4 Qa4 30. Qc3 Qd7 31. Rb6 Ra7 32. Rcb1 Rc7 33. R1b4
Qg4 34. Qe1 Ra2 35. Rxb7 Rxb7 36. Rxb7 Re2 37. Qf1 Qxe4 38. Rb1 Qxc4 39. Rb2
1/2-1/2

[Event "SR 1. liga zapad 2014/2015"]
[Site "?"]
[Date "2015.02.28"]
[Round "8.2"]
[White "Rybansky, Daniel"]
[Black "Jakubek, Peter"]
[Result "1-0"]
[WhiteElo "2273"]
[BlackElo "2169"]
[Annotator "rastík"]
[PlyCount "66"]
[EventDate "2014.??.??"]

1. c4 c5 2. Nc3 Nc6 3. g3 Nf6 4. Bg2 d6 5. d3 e5 6. e3 Be7 7. Nge2 O-O 8. O-O
Be6 9. Nd5 Qd7 10. Nec3 Bh3 11. Nxf6+ Bxf6 12. Nd5 Bd8 13. e4 Be6 14. f4 f5 15.
fxe5 Nxe5 16. Bf4 Bxd5 17. cxd5 fxe4 18. Bxe5 Rxf1+ 19. Qxf1 dxe5 20. Bxe4 Bg5
21. Qf2 Qe7 22. Rf1 Rd8 23. h4 Bh6 24. d6 Qxd6 25. Qf7+ Kh8 26. Qxb7 c4 27.
dxc4 Qd4+ 28. Kh2 Qxc4 29. Rf6 Be3 30. Rf7 Bh6 31. Bd5 Qc2+ 32. Kh3 Qc5 33. b4
Qb6 $138 1-0

[Event "SR 1. liga zapad 2014/2015"]
[Site "?"]
[Date "2015.02.28"]
[Round "8.2"]
[White "Obona, Jan"]
[Black "Koval, Maros"]
[Result "1-0"]
[WhiteElo "2166"]
[BlackElo "2098"]
[PlyCount "93"]
[EventDate "2014.??.??"]

1. Nf3 d5 2. c4 c6 3. b3 Bf5 4. g3 e6 5. Bg2 Nf6 6. Bb2 Nbd7 7. O-O Be7 8. d3
O-O 9. Nbd2 a5 10. a3 h6 11. Rc1 Rc8 12. Rc2 Nc5 13. Re1 Qb6 14. Bd4 Qa6 15.
Qa1 Rfd8 16. cxd5 cxd5 17. Rec1 b6 18. Ne5 Bf8 19. b4 Ncd7 20. Nc6 Re8 21. e4
Bg6 22. b5 Qb7 23. e5 Nh7 24. Qc3 Nc5 25. Bf1 Na4 26. Qa1 Kh8 27. Nb3 Ng5 28.
Be2 Qd7 29. h4 Nh7 30. h5 Bf5 31. g4 g6 32. gxf5 gxf5 33. f4 Bc5 34. Kf2 Rg8
35. Rg1 Rxg1 36. Qxg1 Rg8 37. Qh2 Bxd4+ 38. Nbxd4 Nc5 39. Qh4 f6 40. exf6 Qf7
41. Ne5 Qxf6 42. Qxf6+ Nxf6 43. Ng6+ Kg7 44. Ke3 Nfd7 45. Bf3 Kf6 46. Nc6 Ra8
47. d4 1-0

[Event "SR 1. liga zapad 2014/2015"]
[Site "?"]
[Date "2015.02.28"]
[Round "8.2"]
[White "Bojda, Lubomir"]
[Black "Chovanec, Milan"]
[Result "1/2-1/2"]
[WhiteElo "2167"]
[BlackElo "2143"]
[PlyCount "73"]
[EventDate "2014.??.??"]

1. c4 c5 2. Nc3 Nf6 3. g3 d5 4. cxd5 Nxd5 5. Nf3 Nc6 6. Qb3 e6 7. Bg2 Be7 8.
O-O O-O 9. d3 b6 10. Rd1 Bb7 11. a3 Qd7 12. e4 Nxc3 13. bxc3 Rfd8 14. Be3 Rac8
15. d4 cxd4 16. cxd4 Na5 17. Qb1 Qa4 18. d5 exd5 19. e5 Qc2 20. Qb5 Qc4 21. Qb2
Qb3 22. Qe2 Rc2 23. Rd2 Rxd2 24. Nxd2 Qb2 25. Rb1 Qxe5 26. Nf3 Qf5 27. Rd1 Bxa3
28. Nd4 Qc8 29. Qh5 Bb2 30. Bh3 Qc7 31. Bf4 Qe7 32. Nf5 Qf8 33. Re1 Re8 34. Rd1
g6 35. Nh6+ Kh8 36. Qh4 Bg7 37. Bd6 1/2-1/2

[Event "SR 1. liga zapad 2014/2015"]
[Site "?"]
[Date "2015.02.28"]
[Round "8.2"]
[White "Kukucka, Matej"]
[Black "Polacik, Igor"]
[Result "1/2-1/2"]
[WhiteElo "2073"]
[BlackElo "2173"]
[PlyCount "63"]
[EventDate "2014.??.??"]

1. d4 d5 2. c4 e6 3. Nc3 f5 4. Bf4 c6 5. e3 Nf6 6. Bd3 Bd6 7. Bxd6 Qxd6 8. Nge2
O-O 9. Qc2 b6 10. f3 dxc4 11. Bxc4 Nd5 12. Qd2 Ba6 13. Bxa6 Nxa6 14. O-O Rad8
15. Rad1 Qd7 16. e4 Nf6 17. Qe3 Nc7 18. a3 Nfe8 19. Rb1 Nd6 20. Na2 fxe4 21.
fxe4 Rxf1+ 22. Rxf1 Ndb5 23. Rc1 Nxd4 24. Nxd4 Qxd4 25. Qxd4 Rxd4 26. Rxc6 Rd7
27. Rc2 Kf7 28. Kf2 Kf6 29. Ke3 Na6 30. h4 Nc7 31. Nc3 Ke5 32. g3 1/2-1/2

[Event "SR 1. liga zapad 2014/2015"]
[Site "?"]
[Date "2015.02.28"]
[Round "8.2"]
[White "Riabov, Alexander"]
[Black "Skrabakova, Katarina"]
[Result "1-0"]
[WhiteElo "2072"]
[BlackElo "2010"]
[PlyCount "63"]
[EventDate "2014.??.??"]

1. e4 c5 2. Nf3 d6 3. d4 cxd4 4. Nxd4 Nf6 5. Nc3 a6 6. Bg5 e6 7. Qd2 Be7 8.
O-O-O Nbd7 9. f4 Qc7 10. h3 h6 11. Bxf6 Bxf6 12. g4 Rb8 13. g5 hxg5 14. fxg5
Be5 15. g6 Nf6 16. gxf7+ Kxf7 17. Bg2 Bd7 18. Nce2 Rbc8 19. Nf3 Rh5 20. Nxe5+
Rxe5 21. c3 Bb5 22. Nd4 Qc4 23. Nxb5 Rxb5 24. Bf1 Qxa2 25. Bxb5 axb5 26. Qxd6
Qa1+ 27. Kc2 Qa4+ 28. Kb1 Qxe4+ 29. Qd3 Qa4 30. Rhg1 Qe4 31. Qxe4 Nxe4 32. Rd7+
1-0